00688naa a2200193 4500001000700000003000900007005001700016008004100033021000700074035002200081040001300103100003200116245011700148650003800265773010700303942000900410999001900419952005600438179115ES-MaBCM20241016192418.0100811s2009 gbr|r0p 0 ||eng d axx a(OCoLC)1365189075 cES-MaBCM1 aVrdoljak, Ana Filipa99090510aHuman rights and genocideb: the work of Lauterpacht and Lemkin in modern international lawcAna Filipa Vrdoljak27aCrimen contra la humanidad9581870 aEn:t European journal of international lawdOxfordw104820gVol. 20, No. 4 (Sept. 2009), p. 1163-1194 cAREV c179115d179115 00104070aBCbBCd2012-04-21l0w2012-04-21yAREV